Responses for Show #1749 - Thursday, March 19, 1992

Phil Yellman game 5.

Contestants

[<< previous game]

Craig Giles, a desktop publisher from Pasadena, California

Bob Benjamin, a computer consultant originally from Brooklyn, New York

Phil Yellman, a word processor from Albuquerque, New Mexico (whose 4-day cash winnings total $44,600)

[next game >>]

Jeopardy! Round responses

THE 20th CENTURY
PEOPLE
TEXTILES
VATICAN CITY
SHAPES
"LING"O
    $100 1
the World Series

Bob
    $100 6
the Dionne quintuplets

Craig
    $100 12
khaki

Phil
    $100 11
Italian

Craig
    $100 14
a cone

Bob
    $100 21
a gosling

Craig
    $200 2
the Soviet Union

Phil
    $200 7
(Bob: Who is Pauley?)

Katie Couric

PhilBob
    $200 24
taffeta

Craig
    $200 13
the catacombs

Craig
    $200 15
a square

Craig
    $200 23
kindling

Craig
    $300 3
Oral Roberts

Phil
    $1,600 8
(Phil: What is the Mrs. American title?)

Miss USA

Phil
    $300 25
linen

Craig
    $300 18
Vatican Radio

Phil
    $300 16
an egg

Craig
    $300 28
sibling

Bob
    $400 4
Connecticut

Phil
    $400 9
George Fenneman

Craig
    $400 26
muslin

Phil
    $400 19
the Vatican railroad

Triple Stumper
    $400 17
a pyramid scheme

Phil
    $400 29
sterling

Craig
    $500 5
Stalingrad

Phil
    $500 10
Tom Tryon

Phil
    $500 27
nylon

Phil
    $500 20
The Last Judgement

Triple Stumper
    $500 22
the great circle

Phil
    $500 30
Riesling

Craig

Scores at the first commercial break (after clue 12):

Phil Bob Craig
$600 -$100 $600

Scores at the end of the Jeopardy! Round:

Phil Bob Craig
$2,700 $300 $3,000

Double Jeopardy! Round responses

THE AMERICAN REVOLUTION
BOOK SEQUELS
FURNITURE
NATIONAL ANTHEMS
EXPLORERS
COAL
    $200 4
the Bonhomme Richard

Phil
    $200 10
Little Men

Craig
    $200 9
a table

Phil
    $200 17
China

Craig
    $200 2
Columbus

Craig
    $200 1
Lewis & Clark

Craig
    $400 5
Philadelphia

Phil
    $400 12
2010

Bob
    $400 11
a desk

Bob
    $400 18
Marseille

Phil
    $400 3
the Yucatan

Phil
    $400 25
bituminous

Phil
    $600 6
Cornwallis

Phil
    $600 13
John Steinbeck

Craig
    $600 14
a leg

Phil
    $600 22
Nepal

Craig
    $600 16
Sir Walter Raleigh

Triple Stumper
    $600 26
coal tar

Phil
    $2,200 7
Crispus Attucks

Phil
    $800 15
Beggarman, Thief

Craig
    $800 29
(Bob: What is the back?)

the seat

BobCraig
    $800 23
Brunei

Phil
    $800 20
Pizarro

Phil
    $800 27
the Carboniferous

Phil
    $1000 8
the British soldiers

Craig
    $1000 19
How Green Was My Valley

Phil
    $1000 30
a bed

Triple Stumper
    $1000 24
Ireland

Triple Stumper
    $2,500 21
(Alexander) Mackenzie

Phil
    $1000 28
the United Mine Workers

Phil

Scores at the end of the Double Jeopardy! Round:

Phil Bob Craig
$15,600 $300 $7,600
(lock game)

[wagering suggestions for these scores]

Final Jeopardy! Round responses

BROADWAY MUSICALS
(Alex: [To Bob] You put down, what is a long line.)
(Bob: What is a blank?)
BobWhat is ___?
$299
CraigWhat is Kiss Me Kate?
$7,299
PhilWhat is Kiss Me, Kate?
$200
Kiss Me, Kate

Final scores:

Phil Bob Craig
$15,800 $1 $14,899
5-day champion: $60,400 3rd place: Imperial Wallcoverings + Jeopardy! home game or computerized version 2nd place: Thermax carpet cleaner + S&S Mills carpeting + Jeopardy! home game or computerized version

Game dynamics:

Coryat scores:

Phil Bob Craig
$14,300 $300 $7,600
28 R
(including 2 DDs),
1 W
(including 1 DD)
5 R,
2 W
21 R,
0 W

Combined Coryat: $22,200

[game clues] [game scores] [suggest correction]

Game tape date: 1991-12-04
The J! Archive is created by fans, for fans. Scraping, republication, monetization, and malicious use prohibited; this site may use cookies and collect identifying information. See terms. The Jeopardy! game show and all elements thereof, including but not limited to copyright and trademark thereto, are the property of Jeopardy Productions, Inc. and are protected under law. This website is not affiliated with, sponsored by, or operated by Jeopardy Productions, Inc. Join the discussion at JBoard.tv.